The illustrated stories of Panchatantra-1 / (Record no. 30046)

MARC details
000 -LEADER
fixed length control field 00770nam a2200229 a 4500
005 - DATE AND TIME OF LATEST TRANSACTION
control field 20090905133813.0
008 - FIXED-LENGTH DATA ELEMENTS--GENERAL INFORMATION
fixed length control field 060731s1999 nyua b 000 0 eng d
010 ## - LCCN (DPL NO)
LC control number B-357032
020 ## - INTERNATIONAL STANDARD BOOK NUMBER
Terms of availability 25.00
035 ## - SYSTEM CONTROL NUMBER
System control number B-357032
037 ## - SOURCE OF ACQUISITION
Source of stock number/acquisition DBAD / PUB
040 ## - CATALOGING SOURCE
Original cataloging agency dpl
Language of cataloging English
082 ## - DEWEY DECIMAL CLASSIFICATION NUMBER
Classification number S
100 ## - MAIN ENTRY--PERSONAL NAME
Personal name Ravi Kumar, K.
245 ## - TITLE STATEMENT
Title The illustrated stories of Panchatantra-1 /
Statement of responsibility, etc by K. Ravi Kumar
260 ## - PUBLICATION, DISTRIBUTION, ETC. (IMPRINT)
Place of publication, distribution, etc Vijayawada,
Name of publisher, distributor, etc Mudra Books
Date of publication, distribution, etc 2008
270 ## - ADDRESS
Address Eluru Road,
City Vijayawada,
Postal code 2
300 ## - PHYSICAL DESCRIPTION
Extent 112p.:
Dimensions 20cm(pbk)
Other physical details ill
650 ## - SUBJECT ADDED ENTRY--TOPICAL TERM
Source of heading or term Children's stories, English
942 ## - ADDED ENTRY ELEMENTS (KOHA)
Source of classification or shelving scheme Dewey Decimal Classification
Item type Children Books
Call number suffix RAV
Classification part S
Holdings
Withdrawn status Lost status Source of classification or shelving scheme Damaged status Not for loan Collection code Home library Current library Date acquired Source of acquisition Cost, normal purchase price Total Checkouts Full call number Barcode Date last seen Copy number Cost, replacement price Koha item type
    Dewey Decimal Classification     Fiction Janak Puri Janak Puri 05/09/2009 DBAD / PUB 25.00 14 S RAV B-357032 27/06/2018 1 25.00 Children Books

© Delhi Public Library
Hit Counter
free hit counter